000 00507nam a2200157Ia 4500
008 220216s9999 xx 000 0 und d
100 _aBeurrot-Borgarino S
_cet al
245 0 _aIn situ synchrotron X-ray diffraction study of strain induced crystallisation of natural rubber during fatigue tests
260 _bPlastics, Rubber and Composites
_c2012
300 _a290-295
500 _aSource Year: 2012
650 _aFatigue
650 _aStrain induced crystallisation
650 _aWAXD
942 _cJS
999 _c60933
_d60933